00972nam a2200241Ia 4500008004100000020001500041040001800056041000800074100001900082245014600101260003800247300002500285490003200310504005300342650002700395650003300422650003300455650002500488700004600513700003100559710009400590765004600684130821s2001 sp gr spa  a8481557692 aCo-BoUCMbspa00aspa1 aTroper, Michel10aPor una teoría jurídica del EstadocMichael Troper ; prólogo de Gregorio Peces-Barba Martínez ; traducción de María Venegas Grau. aMadrid (España)bDykinsonc2001 axliii, 340 páginas 0aColección Traduccionesv2 aIncluye referencias bibliográficas e índice.04aDerecho constitucional04aFilosofía de la democracia04aGarantías constitucionales04aTeoría del derecho1 aPeces-Barba Martínez, Gregorioepról.1 aVenegas Grau, Maríaetr.1 aUniversidad Carlos III de Madrid.bInstituto de Derechos Humanos Bartolomé de las Casas aPour une théorie juridique les l'État